Statistics for Aussie Originals

Click here to take the quiz!

General Stats

  • This quiz has been taken 14 times
  • The average score is 12 of 20

Answer Stats

HintAnswer% Correct
Aussie Animal #1kangaroo
100%
Aussie Animal #3koala
100%
Aussie Spreadvegemite
100%
What does arvo meanafternoon
85%
What does Sheila mean?lady/female
85%
Aussie Animal #2emu
77%
what does barbie meanbarbeque
69%
what are thongsshoes/flip flops
69%
Aussie legend (wildlife expert)Steve Irwin
69%
Current PM (as of feb 2019)Scott Morrison
62%
biscuit made in WWIANZAC biscuit
54%
Aussie bird #1kookaburra
54%
Pastry and meatmeat pie
54%
Something to add to milkmilo
54%
form of meringue/cakepavlova
54%
Nickname for ^ScoMo
46%
Aussie bird #3magpie
38%
Another term for an ibisbin chicken
31%
Aussie bird #2cockatoo
15%
Great Aussie songdown under
8%

Score Distribution

Percentile by Number Answered

Percent of People with Each Score

Your Score History

You have not taken this quiz